| 000 | 00625cam a22001815a 4500 | ||
|---|---|---|---|
| 001 | L156119 | ||
| 008 | 120430s1869 xxk f 000 0 eng d | ||
| 035 | _a(Sirsi) u156119 | ||
| 041 | 0 | _aeng | |
| 100 | 1 | _aBrown, Robert Erskine | |
| 245 | 0 | 4 |
_aThe book of the landed estate _bcontaining directions for the management and development of the resources of landed property |
| 260 |
_aEdinburgh _bW. Blackwood _c1869 |
||
| 300 |
_axiii, 505 p., [6] leaves of plates _bill., forms _c25 cm. |
||
| 583 |
_aCondition reviewed _c20120620 _lcondition level 1 |
||
| 651 | 4 |
_aGreat Britain _y1707- |
|
| 690 |
_aRural _96268 |
||
| 942 | _n0 | ||
| 999 |
_c114045 _d114045 |
||